Statystyki dla Herby europejskich stolic

Kliknij tutaj aby rozwiązać quiz!

Ogólne statystyki

  • Ten quiz został rozwiązany 22 razy
  • Średni wynik to 6 z 16

Statystyki odpowiedzi

Odpowiedź% Poprawnych
Rzym
81%
Berlin
67%
Bruksela
62%
Kiszyniów
62%
Paryż
52%
Madryt
48%
Kijów
38%
Tallinn
29%
Helsinki
24%
Berno
19%
Ryga
19%
Wiedeń
19%
Lublana
14%
Reykjavik
14%
Skopje
14%
Valletta
10%

Rozkład punktacji

Percentyl według liczby udzielonych odpowiedzi

Procent ludzi z każdym wynikiem

Twoja historia wyników

Nie rozwiązałeś tego quizu